<?xml version="1.0" encoding="UTF-8"?>
<record
    xmlns:xsi="http://www.w3.org/2001/XMLSchema-instance"
    xsi:schemaLocation="http://www.loc.gov/MARC21/slim http://www.loc.gov/standards/marcxml/schema/MARC21slim.xsd"
    xmlns="http://www.loc.gov/MARC21/slim">

  <leader>01009nam a2200301Ia 4500</leader>
  <controlfield tag="003">OSt</controlfield>
  <controlfield tag="005">20251118125257.0</controlfield>
  <controlfield tag="008">210210b2008   xxu||||| |||| 00| 0 eng d</controlfield>
  <datafield tag="020" ind1=" " ind2=" ">
    <subfield code="a">8177132520</subfield>
  </datafield>
  <datafield tag="040" ind1=" " ind2=" ">
    <subfield code="c">AL</subfield>
  </datafield>
  <datafield tag="041" ind1=" " ind2=" ">
    <subfield code="a">Kannada</subfield>
  </datafield>
  <datafield tag="082" ind1=" " ind2=" ">
    <subfield code="a">630K KANT</subfield>
  </datafield>
  <datafield tag="100" ind1=" " ind2=" ">
    <subfield code="a">KANNADA PUSTAKA PRADHIKARA</subfield>
    <subfield code="d"> &#xC95;&#xCA8;&#xCCD;&#xCA8;&#xCA1; &#xCAA;&#xCC1;&#xCB8;&#xCCD;&#xCA4;&#xC95; &#xCAA;&#xCCD;&#xCB0;&#xCBE;&#xCA7;&#xCBF;&#xC95;&#xCBE;&#xCB0;</subfield>
    <subfield code="9">246160</subfield>
  </datafield>
  <datafield tag="245" ind1=" " ind2=" ">
    <subfield code="a">Tavareyele melitta tuttu: desi ahara-desi arogya parampare</subfield>
    <subfield code="b">&#xCA4;&#xCBE;&#xCB5;&#xCB0;&#xCC6; &#xC8E;&#xCB2;&#xCC6; &#xCAE;&#xCC7;&#xCB2;&#xCBF;&#xC9F;&#xCCD;&#xC9F;  &#xCA4;&#xCC1;&#xCA4;&#xCCD;&#xCA4;&#xCC1;: &#xCA6;&#xCC7;&#xCB8;&#xCBF; &#xC86;&#xCB9;&#xCBE;&#xCB0;-&#xCA6;&#xCC7;&#xCB8;&#xCBF; &#xC86;&#xCB0;&#xCCB;&#xC97;&#xCCD;&#xCAF; &#xCAA;&#xCB0;&#xC82;&#xCAA;&#xCB0;&#xCC6;</subfield>
  </datafield>
  <datafield tag="260" ind1=" " ind2=" ">
    <subfield code="a">Bengaluru</subfield>
    <subfield code="b">Kannada Pusthaka Pradhikara</subfield>
    <subfield code="c">2008</subfield>
  </datafield>
  <datafield tag="300" ind1=" " ind2=" ">
    <subfield code="a">xvi,154</subfield>
  </datafield>
  <datafield tag="440" ind1=" " ind2=" ">
    <subfield code="a">4</subfield>
    <subfield code="9">246161</subfield>
  </datafield>
  <datafield tag="650" ind1=" " ind2=" ">
    <subfield code="a">tuttu:</subfield>
    <subfield code="9">246162</subfield>
  </datafield>
  <datafield tag="650" ind1=" " ind2=" ">
    <subfield code="a">Tavareyele</subfield>
    <subfield code="9">246163</subfield>
  </datafield>
  <datafield tag="650" ind1=" " ind2=" ">
    <subfield code="a">parampare</subfield>
    <subfield code="9">246164</subfield>
  </datafield>
  <datafield tag="650" ind1=" " ind2=" ">
    <subfield code="a">melitta</subfield>
    <subfield code="9">246165</subfield>
  </datafield>
  <datafield tag="650" ind1=" " ind2=" ">
    <subfield code="a">desi</subfield>
    <subfield code="9">246166</subfield>
  </datafield>
  <datafield tag="650" ind1=" " ind2=" ">
    <subfield code="a">arogya</subfield>
    <subfield code="9">246167</subfield>
  </datafield>
  <datafield tag="650" ind1=" " ind2=" ">
    <subfield code="a">ahara-desi</subfield>
    <subfield code="9">246168</subfield>
  </datafield>
  <datafield tag="690" ind1=" " ind2=" ">
    <subfield code="a">Agriculture</subfield>
    <subfield code="9">246169</subfield>
  </datafield>
  <datafield tag="906" ind1=" " ind2=" ">
    <subfield code="a">064409</subfield>
  </datafield>
  <datafield tag="942" ind1=" " ind2=" ">
    <subfield code="2">ddc</subfield>
    <subfield code="c">BK</subfield>
  </datafield>
  <datafield tag="999" ind1=" " ind2=" ">
    <subfield code="c">140534</subfield>
    <subfield code="d">140534</subfield>
  </datafield>
  <datafield tag="952" ind1=" " ind2=" ">
    <subfield code="0">0</subfield>
    <subfield code="1">0</subfield>
    <subfield code="2">ddc</subfield>
    <subfield code="4">0</subfield>
    <subfield code="7">0</subfield>
    <subfield code="8">KAN</subfield>
    <subfield code="a">AL</subfield>
    <subfield code="b">AL</subfield>
    <subfield code="c">Agriculture</subfield>
    <subfield code="d">2021-02-17</subfield>
    <subfield code="e">Kannada Pustaka Pradikara, Bengaluru-560002</subfield>
    <subfield code="g">60.00</subfield>
    <subfield code="l">0</subfield>
    <subfield code="o">630K KANT</subfield>
    <subfield code="p">064409</subfield>
    <subfield code="r">2021-02-17 00:00:00</subfield>
    <subfield code="w">2021-02-17</subfield>
    <subfield code="y">BK</subfield>
  </datafield>
</record>
